000
00210 a2200085 4500
020
_a
9780816628094
100
_a
THOMAS A. DUTTON
245
_a
RECONSTRUCTING ARCHITECTURE:
260
_b
UNIVERSITY OF MINNESOTA PRESS
999
_c
13090
_d
13090